Aerolinky sú aj napriek masívnej štátnej pomoci stále dole
Letecká doprava je vzhľadom na objem zrušených letov v dôsledku pandémie koronavírusu suverénne najviac postihnutým odvetvím. V týždňoch, kedy sa takmer kompletne zavrel svetový vzdušný priestor, zaznamenali aerolínie pokles príjmov o osemdesiat až deväťdesiat percent. Zlá ekonomická situácia sa oka...
Na minha lista:
| Autor principal: | |
|---|---|
| Formato: | Capítulo de Livro |
| Idioma: | eslovaco |
| Assuntos: | |
| Tags: |
Sem tags, seja o primeiro a adicionar uma tag!
|
MARC
| LEADER | 00000naa a2200000 4500 | ||
|---|---|---|---|
| 001 | 0269539 | ||
| 005 | 20201027114615.4 | ||
| 041 | 0 | |a slo | |
| 044 | |a SK | ||
| 245 | 1 | 0 | |a Aerolinky sú aj napriek masívnej štátnej pomoci stále dole |c Olívia Lacenová |
| 520 | |a Letecká doprava je vzhľadom na objem zrušených letov v dôsledku pandémie koronavírusu suverénne najviac postihnutým odvetvím. V týždňoch, kedy sa takmer kompletne zavrel svetový vzdušný priestor, zaznamenali aerolínie pokles príjmov o osemdesiat až deväťdesiat percent. Zlá ekonomická situácia sa okamžite premietla do ceny akcií leteckých spoločností. Blízka budúcnosť leteckej dopravy je veľm neistá. | ||
| 610 | 2 | 0 | |a doprava letecká |
| 610 | 2 | 0 | |a kríza |
| 610 | 2 | 0 | |a dotácie štátne |
| 610 | 2 | 0 | |a prognózy |
| 100 | 1 | |a Lacenová, Olívia | |